Bài tập Ngữ văn 10

Bộ sách gồm hai loại bài tập: một phần là những bài tập trong sách giáo khoa và phần còn lại là những bài tập mới theo ba phần Văn học, Tiếng Việt và Làm văn thuộc chương trình Ngữ văn Lớp 10. Bộ sách giúp học sinh nâng cao kiến thức,...

وصف كامل

محفوظ في:
التفاصيل البيبلوغرافية
المؤلف الرئيسي: Phan, Trọng Luận
التنسيق: كتاب
اللغة:Undetermined
منشور في: Hà Nội Giáo dục 2009
الموضوعات:
الوسوم: إضافة وسم
لا توجد وسوم, كن أول من يضع وسما على هذه التسجيلة!
Thư viện lưu trữ: Trung tâm Học liệu Trường Đại học Cần Thơ
LEADER 01132nam a2200217Ia 4500
001 CTU_157692
008 210402s9999 xx 000 0 und d
020 |c 5100 
082 |a 495.922076 
082 |b L502/T.1/L.10 
100 |a Phan, Trọng Luận 
245 0 |a Bài tập Ngữ văn 10 
245 0 |c Phan Trọng Luận chủ biên 
260 |a Hà Nội 
260 |b Giáo dục 
260 |c 2009 
520 |a Bộ sách gồm hai loại bài tập: một phần là những bài tập trong sách giáo khoa và phần còn lại là những bài tập mới theo ba phần Văn học, Tiếng Việt và Làm văn thuộc chương trình Ngữ văn Lớp 10. Bộ sách giúp học sinh nâng cao kiến thức, kĩ năng làm văn và quan trọng hơn là khả năng tư duy độc lập và sáng tạo. 
650 |a Vietnamese language 
650 |x Study and teaching 
904 |i Bạch Trúc Tuyến sửa số pl 495.9220712 thành 495.922076) 
980 |a Trung tâm Học liệu Trường Đại học Cần Thơ